The ministry of fear (Record no. 10344)

000 -LEADER
fixed length control field 00334 a2200133 4500
020 ## - INTERNATIONAL STANDARD BOOK NUMBER
International Standard Book Number 0-09-928618-1
040 ## - CATALOGING SOURCE
Original cataloging agency DLC
Language of cataloging DLC
100 1# - MAIN ENTRY--PERSONAL NAME
Personal name Greene, Graham,
245 04 - TITLE STATEMENT
Title The ministry of fear
Statement of responsibility, etc. Graham Greene
260 ## - PUBLICATION, DISTRIBUTION, ETC.
Place of publication, distribution, etc. London :
Name of publisher, distributor, etc. Vintage,
Date of publication, distribution, etc. 2001
300 ## - PHYSICAL DESCRIPTION
Extent 220 p ;
Dimensions 20 cm
490 0# - SERIES STATEMENT
Series statement Vintage classics
942 ## - ADDED ENTRY ELEMENTS (KOHA)
Koha item type Book
Call number prefix 823.912 GRE
Source of classification or shelving scheme
Holdings
Withdrawn status Lost status Damaged status Not for loan Collection code Permanent Location Current Location Shelving location Date acquired Source of acquisition Cost, normal purchase price Total Checkouts Full call number Barcode Date last seen Price effective from Koha item type
          Central Library (CL) Central Library (CL) General Stacks 06/04/2005 Academic Book Company 315.00   823.912 GRE SEECS005832 11/14/2012 01/05/2017 Book
© 2023 Central Library, National University of Sciences and Technology. All Rights Reserved.